00514nam a2200169Ia 4500100002300000650001400023942000700037366000700044654000900051245004200060260003600102082001900138300000800157546001200165999001700177952015000194 aPopoviciu/Ciprian  aComputers cBK f15 aIPV6 aDeploying IPV6 Networks-Cisco systems bPearson EducationaMumbaic2006 a004.6/POPbPOP a627 aENGLISH c32378d32378 001040708CRCaCRCEbCRCEc1617 | 95d2023-03-17eUnique Book Distributorsg484.00l0o004.6/POP POPp17370r2023-03-17v499.00w0000-00-00yBK